Phân tích, đánh giá hàm lượng PO43- trong nước bằng phương pháp quang phổ hấp thụ phân tử UV – VIS. Qua đó, đánh giá sự phú dưỡng nguồn nước Bàu Thạc Gián – Vĩnh Trung, thành phố Đà Nẵng
Nghiên cứu quy trình xác định PO¬43- trong nước bằng phương pháp quang phổ hấp thụ phân tử UV-VIS. Tìm điều kiện thích hợp cho quá trình phân tích đánh giá hàm lượng PO43- trong nước bằng phương pháp quang phổ hấp thụ phân tử UV-VIS. Phân tích và đánh giá hàm lượng PO43 trong nước, qua đó đánh giá s...
Shranjeno v:
| Glavni avtor: | |
|---|---|
| Drugi avtorji: | |
| Format: | Knjiga |
| Izdano: |
Đà Nẵng
Đại học Sư phạm, Đại học Đà Nẵng
2012
|
| Teme: | |
| Oznake: |
Označite
Brez oznak, prvi označite!
|
| Thư viện lưu trữ: | Mạng thư viện Đại học Đà Nẵng |
|---|
| LEADER | 02299nam a2200337 4500 | ||
|---|---|---|---|
| 001 | 000017493 | ||
| 003 | 13911 | ||
| 005 | 20130424080448.0 | ||
| 008 | 130422s2012 sd | ||
| 082 | |a 628.166 |b ĐÔ-T | ||
| 100 | 1 | |a Đỗ Thị Như Thảo | |
| 245 | |a Phân tích, đánh giá hàm lượng PO43- trong nước bằng phương pháp quang phổ hấp thụ phân tử UV – VIS. Qua đó, đánh giá sự phú dưỡng nguồn nước Bàu Thạc Gián – Vĩnh Trung, thành phố Đà Nẵng |c Đỗ Thị Như Thảo ; Phạm Thị Hà hướng dẫn |k Khóa luận tốt nghiệp | ||
| 260 | |a Đà Nẵng |b Đại học Sư phạm, Đại học Đà Nẵng |c 2012 | ||
| 300 | |a 49 tr., phụ lục 5 tr. |b Hình mh. |c 29 cm. |e Đĩa CD, bản tóm tắt | ||
| 500 | |a Khóa luận tốt nghiệp đại học. Chuyên ngành: Cử nhân Phân tích - Môi trường | ||
| 504 | |a Mục lục đầu trang, tài liệu tham khảo tr. 73 - 74, phụ lục [13 tr.] | ||
| 520 | |a Nghiên cứu quy trình xác định PO¬43- trong nước bằng phương pháp quang phổ hấp thụ phân tử UV-VIS. Tìm điều kiện thích hợp cho quá trình phân tích đánh giá hàm lượng PO43- trong nước bằng phương pháp quang phổ hấp thụ phân tử UV-VIS. Phân tích và đánh giá hàm lượng PO43 trong nước, qua đó đánh giá sự phú dưỡng nguồn nước Bàu Thạc Gián – Vĩnh Trung, thành phố Đà Nẵng. | ||
| 600 | 1 | 4 | |b Vua |c Đinh Tiên Hoàng |
| 650 | 0 | 4 | |a Nước |v Khóa luận tốt nghiệp |x Phân tích |x Phương pháp quang phổ hấp thụ phân tử UV-VIS |z Đà Nẵng |
| 653 | |a Hàm lượng PO43- |a Phương pháp quang phổ hấp thụ phân tử UV-VIS |a Khoa Hóa học |a Nước | ||
| 700 | |a Phạm Thị Hà |e Hướng dẫn | ||
| OWN | |a LSP | ||
| AVA | |a UDN50 |b LSP |d 628.166 ĐÔ-T |e available |t Error 5001 Not defined in file expand_doc_bib_avail. |f 1 |g 0 |h N |i 0 |k 1 | ||
| 999 | |a From the UDN01 | ||
| AVA | |a UDN50 |b LSP |d 628.166 ĐÔ-T |e available |t Error 5001 Not defined in file expand_doc_bib_avail. |f 1 |g 0 |h N |i 0 |k 1 | ||
| TYP | |a Monograph | ||
| TYP | |a Printed language | ||
| 980 | |a Mạng thư viện Đại học Đà Nẵng | ||